The Body- the new sacred? the body in hypermodernity /
La sociología clásica dio importancia al cuerpo, pero no desarrolló una sociología del cuerpo por sí misma. Sin embargo, las ideas de Simmel, Freud y Foucault provocaron el desarrollo de la sociología moderna del cuerpo. Las condiciones postmodernas crearon una situación donde se pensaba que la indi...
Na minha lista:
| Autor principal: | |
|---|---|
| Formato: | Texto |
| Assuntos: | |
| Tags: |
Adicionar Tag
Sem tags, seja o primeiro a adicionar uma tag!
|
MARC
| LEADER | 00000 a a2200000 04500 | ||
|---|---|---|---|
| 001 | 4723 | ||
| 003 | |||
| 040 | |||
| 100 | |a Varga, Ivan | ||
| 245 | |a The Body- the new sacred? the body in hypermodernity / |c Ivan Varga | ||
| 500 | |a Resumen también en inglés, francés y español en páginas 382-383 | ||
| 520 | |a La sociología clásica dio importancia al cuerpo, pero no desarrolló una sociología del cuerpo por sí misma. Sin embargo, las ideas de Simmel, Freud y Foucault provocaron el desarrollo de la sociología moderna del cuerpo. Las condiciones postmodernas crearon una situación donde se pensaba que la individualidad se mantenía por y a través de la presentación pública del cuerpo. y en la hipermodernidad el 'cuerpo virtual' se hizo posible gracias a la proliferación de la tecnología digital | ||
| 650 | |a CUERPO HUMANO | ||
| 650 | |a CIENCIAS SOCIALES | ||
| 650 | |a ANALISIS SOCIOLOGICO | ||
| 650 | |a HISTORIA | ||
| 650 | |a TEORIA | ||
| 773 | |g volumen 53, número 2; páginas 209-235 | ||
| 999 | |c 25585 |d 25585 | ||
